[Event "Chigorin Memorial 25th"]
[Site "St Petersburg"]
[Date "2017.10.29"]
[Round "9"]
[White "Chagina, Ulyana"]
[Black "Kozlov, Mikhail"]
[Result "0-1"]
[WhiteElo "1571"]
[BlackElo "1813"]
[PlyCount "106"]
[EventDate "2017.10.21"]
[EventType "swiss"]
[EventRounds "9"]
[EventCountry "RUS"]
[SourceTitle "CBM 181 Extra"]
[Source "ChessBase"]
[SourceDate "2017.12.12"]
[SourceVersion "1"]
[SourceVersionDate "2017.12.12"]
[SourceQuality "1"]

1. d4 e6 2. Nf3 Nf6 3. c4 d5 4. g3 Nbd7 5. Bg2 dxc4 6. Nc3 Nb6 7. 0-0 c5 8. a4 cxd4 9. Nxd4 Bc5 10. Ndb5 a6 11. Qxd8+ Kxd8 12. Rd1+ Nbd7 13. Nd6 Bxd6 14. Rxd6 Ke7 15. Rd4 Nc5 16. Rxc4 Nb3 17. Rb1 Nxc1 18. Rxc1 Rd8 19. a5 Ne8 20. Na4 Rb8 21. Nb6 Bd7 22. Rb4 Bb5 23. Rb3 Bxe2 24. Rbc3 Bb5 25. Rc8 Rdxc8 26. Rxc8 Rxc8 27. Nxc8+ Kd8 28. Na7 Kc7 29. Nxb5+ axb5 30. Kf1 Nd6 31. b3 Nf5 32. Be4 Nd4 33. b4 Nc6 34. Bd3 f5 35. Bxb5 Nxb4 36. Ke2 Nc6 37. Kd3 Nxa5 38. Kd4 Kd6 39. f4 Nb3+ 40. Kc3 Nc5 41. Kd4 Ne4 42. g4 Nf6 43. gxf5 exf5 44. Bd3 g6 45. Bc4 Nh5 46. Ke3 Kc5 47. Bg8 Nf6 48. Ba2 Ng4+ 49. Kd3 Nf6 50. Ke3 Nd5+ 51. Kf3 Kd4 52. Bb3 b5 53. h4 Nf6 0-1

[Event "Chigorin Memorial 25th"]
[Site "St Petersburg"]
[Date "2017.10.28"]
[Round "8"]
[White "Kozlov, Mikhail"]
[Black "Chekletsova, Darya"]
[Result "1/2-1/2"]
[WhiteElo "1813"]
[BlackElo "1636"]
[PlyCount "139"]
[EventDate "2017.10.21"]
[EventType "swiss"]
[EventRounds "9"]
[EventCountry "RUS"]
[SourceTitle "CBM 181 Extra"]
[Source "ChessBase"]
[SourceDate "2017.12.12"]
[SourceVersion "1"]
[SourceVersionDate "2017.12.12"]
[SourceQuality "1"]

1. e4 c5 2. Nf3 d6 3. b4 b6 4. Bb2 Bb7 5. bxc5 bxc5 6. Nc3 Nc6 7. Bb5 e6 8. d4 cxd4 9. Nxd4 Rc8 10. 0-0 Nf6 11. Nd5 Nd7 12. Nxc6 Bxc6 13. Bxc6 Rxc6 14. Re1 e5 15. Qe2 Be7 16. Rad1 0-0 17. Rd3 Bf6 18. Rf3 Be7 19. Ba3 Nb6 20. c4 Nxd5 21. cxd5 Rc7 22. Qd2 Qd7 23. Rc1 Rfc8 24. Rfc3 Rxc3 25. Rxc3 Rxc3 26. Qxc3 h6 27. Qc6 Qd8 28. Kf1 Kh7 29. Bb4 Qb8 30. Qc4 Bd8 31. a4 a5 32. Be1 Bc7 33. Qb5 Qa7 34. Qc6 Bb6 35. Ke2 Bc7 36. Bd2 Qb8 37. Qb5 Qd8 38. g3 Bb6 39. f3 Qc7 40. Kd3 Qa7 41. h3 Bc7 42. Be3 Qa8 43. Bb6 Qd8 44. Be3 Qc8 45. g4 Qd8 46. Qc6 Qb8 47. Qb5 Qd8 48. Qb7 Kg8 49. Kc4 Qd7 50. Qc6 Qd8 51. Ba7 Kh7 52. Kb5 Qe7 53. Ka6 Bd8 54. Bb8 Qg5 55. Qxd6 Bf6 56. Kxa5 Qd2+ 57. Kb6 Qd4+ 58. Kb5 Qd3+ 59. Kc6 Qc4+ 60. Kd7 Qxa4+ 61. Qc6 Qb3 62. Bd6 Qxf3 63. Be7 Bxe7 64. Kxe7 Qxh3 65. Kxf7 Qf3+ 66. Ke8 Qxe4 67. Qe6 Qa4+ 68. Kf7 Qa7+ 69. Kf8 Qa8+ 70. Kf7 1/2-1/2

[Event "Chigorin Memorial 25th"]
[Site "St Petersburg"]
[Date "2017.10.27"]
[Round "7"]
[White "Babazada, Khazar Araz"]
[Black "Kozlov, Mikhail"]
[Result "1-0"]
[WhiteElo "2090"]
[BlackElo "1813"]
[PlyCount "53"]
[EventDate "2017.10.21"]
[EventType "swiss"]
[EventRounds "9"]
[EventCountry "RUS"]
[SourceTitle "CBM 181 Extra"]
[Source "ChessBase"]
[SourceDate "2017.12.12"]
[SourceVersion "1"]
[SourceVersionDate "2017.12.12"]
[SourceQuality "1"]

1. Nf3 d6 2. d4 Nf6 3. g3 g6 4. Bg2 Bg7 5. 0-0 0-0 6. b3 c5 7. Bb2 Nbd7 8. c4 Rb8 9. Nbd2 cxd4 10. Nxd4 Ne5 11. Nb1 a6 12. Nc3 Qc7 13. Rc1 Bh6 14. e3 Bg4 15. Qd2 Qd7 16. Nd5 Nxd5 17. cxd5 Bh3 18. Ne2 Bxg2 19. Kxg2 Rfc8 20. h3 Qf5 21. Bxe5 Qxe5 22. Qd4 Bg7 23. Qxe5 Bxe5 24. Kf3 Bb2 25. Rc4 Rc5 26. Rb1 Ba3 27. Ra4 1-0

[Event "Chigorin Memorial 25th"]
[Site "St Petersburg"]
[Date "2017.10.24"]
[Round "4"]
[White "Aseev, Vladimir"]
[Black "Kozlov, Mikhail"]
[Result "1-0"]
[WhiteElo "2082"]
[BlackElo "1813"]
[PlyCount "45"]
[EventDate "2017.10.21"]
[EventType "swiss"]
[EventRounds "9"]
[EventCountry "RUS"]
[SourceTitle "CBM 181 Extra"]
[Source "ChessBase"]
[SourceDate "2017.12.12"]
[SourceVersion "1"]
[SourceVersionDate "2017.12.12"]
[SourceQuality "1"]

1. d4 c5 2. d5 e5 3. e4 d6 4. Nc3 a6 5. a4 Be7 6. Be2 Bg5 7. Nf3 Bxc1 8. Qxc1 Bg4 9. Ng1 Bxe2 10. Ngxe2 Ne7 11. 0-0 Nd7 12. Ng3 Nf6 13. Qg5 Rg8 14. Qd2 g5 15. a5 h5 16. Ra3 h4 17. Nge2 Ng6 18. g3 Nh5 19. Nd1 g4 20. Rb3 hxg3 21. fxg3 Qd7 22. Qg5 Rh8 23. Ne3 1-0

[Event "Chigorin Memorial 25th"]
[Site "St Petersburg"]
[Date "2017.10.22"]
[Round "2"]
[White "Kozlov, Mikhail"]
[Black "Zemnitskiy, Alexander"]
[Result "0-1"]
[WhiteElo "1813"]
[BlackElo "2112"]
[PlyCount "72"]
[EventDate "2017.10.21"]
[EventType "swiss"]
[EventRounds "9"]
[EventCountry "RUS"]
[SourceTitle "CBM 181 Extra"]
[Source "ChessBase"]
[SourceDate "2017.12.12"]
[SourceVersion "1"]
[SourceVersionDate "2017.12.12"]
[SourceQuality "1"]

1. Nf3 Nf6 2. g3 c5 3. Bg2 Nc6 4. d4 e6 5. 0-0 d5 6. c4 cxd4 7. cxd5 exd5 8. Nxd4 Be7 9. Nc3 0-0 10. b3 Bc5 11. Nxc6 bxc6 12. Na4 Bd6 13. Be3 Re8 14. Qc2 Bg4 15. Rfd1 Qe7 16. Rac1 Rac8 17. h3 Bh5 18. g4 Bg6 19. Qc3 h5 20. g5 Ne4 21. Qd4 Nxg5 22. Qxa7 Qe5 23. Bxg5 Qxg5 24. Nc3 Be5 25. Qa6 d4 26. Nd5 Be4 27. Ne7+ Kh8 28. f3 Qxe7 29. fxe4 Qg5 30. Rxc6 Qe3+ 31. Kh1 Qg3 32. Kg1 Rxc6 33. Qxc6 Re6 34. Qc8+ Kh7 35. Rf1 Qh2+ 36. Kf2 Bg3+ 0-1

[Event "St Petersburg Early Bird Rating"]
[Site "St Petersburg"]
[Date "2014.06.10"]
[Round "4"]
[White "Kozlov, Mikhail"]
[Black "Nikolaev, Yury"]
[Result "1/2-1/2"]
[WhiteElo "1831"]
[BlackElo "2003"]
[PlyCount "27"]
[EventDate "2014.06.07"]
[EventType "swiss"]
[EventRounds "9"]
[EventCountry "RUS"]
[SourceTitle "CBM 160 Extra"]
[Source "ChessBase"]
[SourceDate "2014.07.01"]
[SourceVersion "1"]
[SourceVersionDate "2014.07.01"]
[SourceQuality "1"]

1. Nf3 Nf6 2. d4 g6 3. c4 Bg7 4. Nc3 0-0 5. e4 d6 6. Be2 e5 7. 0-0 Nc6 8. dxe5 dxe5 9. Qxd8 Rxd8 10. Bg5 Rf8 11. h3 Nd4 12. Nxd4 exd4 13. Nd5 Nxd5 14. cxd5 1/2-1/2

[Event "Chigorin Memorial 17th"]
[Site "St Petersburg"]
[Date "2009.10.18"]
[Round "3"]
[White "Kozlov, Mikhail"]
[Black "Balakirev, Ilya"]
[Result "0-1"]
[WhiteElo "1956"]
[BlackElo "2255"]
[PlyCount "64"]
[EventDate "2009.10.16"]
[EventType "swiss"]
[EventRounds "9"]
[EventCountry "RUS"]
[SourceTitle "CBM 132 Extra"]
[Source "ChessBase"]
[SourceDate "2009.11.03"]
[SourceVersion "1"]
[SourceVersionDate "2009.11.03"]
[SourceQuality "1"]

1. Nf3 d5 2. g3 Nf6 3. Bg2 g6 4. 0-0 Bg7 5. d4 0-0 6. c3 Bf5 7. Qb3 Bc8 8. c4 c6 9. cxd5 Qxd5 10. Nc3 Qxb3 11. axb3 Be6 12. Ra3 Na6 13. Na4 Bd5 14. Nc5 Nxc5 15. dxc5 Ne4 16. b4 b6 17. cxb6 axb6 18. Rxa8 Rxa8 19. Ng5 Nxg5 20. Bxg5 Bxb2 21. e4 Bc4 22. Rb1 Bd4 23. Rc1 b5 24. Bxe7 Ra2 25. Bc5 Bxc5 26. bxc5 Bd3 27. e5 b4 28. Rd1 Bc2 29. Rd8+ Kg7 30. Bxc6 b3 31. Bd5 Ra1+ 32. Kg2 b2 0-1

[Event "St Petersburg March op"]
[Site "St Petersburg"]
[Date "2009.04.08"]
[Round "8"]
[White "Fateev, Michail"]
[Black "Kozlov, Mikhail"]
[Result "1-0"]
[WhiteElo "2095"]
[BlackElo "1956"]
[PlyCount "81"]
[EventDate "2009.03.30"]
[EventType "swiss"]
[EventRounds "9"]
[EventCountry "RUS"]
[SourceTitle "EXT 2012"]
[Source "ChessBase"]
[SourceDate "2011.11.24"]
[SourceVersion "1"]
[SourceVersionDate "2011.11.24"]
[SourceQuality "1"]

1. e4 e6 2. d4 d5 3. Nd2 Nf6 4. e5 Nfd7 5. f4 c5 6. c3 Nc6 7. Ndf3 f5 8. Kf2 cxd4 9. cxd4 Nb6 10. Ne2 Bd7 11. Nc3 a6 12. g3 Bb4 13. Bd2 Na7 14. a3 Bxc3 15. Bxc3 Rc8 16. Ng5 g6 17. h4 h6 18. Nf3 Ba4 19. Qd2 h5 20. Bd3 Nc4 21. Qe2 Nb5 22. Bb4 Qb6 23. Bc5 Rxc5 24. dxc5 Qxc5+ 25. Kg2 Ne3+ 26. Kh3 0-0 27. Rac1 Qb6 28. b3 Bxb3 29. Bxb5 axb5 30. Rc3 Ng4 31. Rxb3 Nf2+ 32. Kg2 Nxh1 33. Kxh1 Rc8 34. Rxb5 Rc1+ 35. Kg2 Qa6 36. Rb2 Qxa3 37. Qb5 Rc7 38. Ng5 Qe7 39. Qb6 Rc6 40. Qxb7 Rc2+ 41. Kh3 1-0

[Event "St Petersburg Nov op"]
[Site "St Petersburg"]
[Date "2008.11.01"]
[Round "1"]
[White "Kozlov, Mikhail"]
[Black "Nikitinyh, Boris Aleksandrovic"]
[Result "0-1"]
[WhiteElo "2025"]
[BlackElo "2215"]
[PlyCount "58"]
[EventDate "2008.11.01"]
[EventType "swiss"]
[EventRounds "9"]
[EventCountry "RUS"]
[SourceTitle "EXT 2010"]
[Source "ChessBase"]
[SourceDate "2010.11.25"]
[SourceVersion "1"]
[SourceVersionDate "2010.11.25"]
[SourceQuality "1"]

1. Nf3 Nf6 2. g3 c5 3. Bg2 Nc6 4. d4 e6 5. 0-0 cxd4 6. Nxd4 d5 7. c4 Be7 8. Nc3 0-0 9. cxd5 Nxd5 10. Nxd5 exd5 11. Be3 Bf6 12. Nxc6 bxc6 13. Qc2 Bd7 14. Bc5 Re8 15. Rad1 Qc8 16. e4 Bg4 17. Rd2 Rb8 18. b3 Rb7 19. Bd4 Bxd4 20. Rxd4 Rc7 21. Rc1 Rce7 22. exd5 Re1+ 23. Bf1 Qa6 24. Qc4 Qxc4 25. Rdxc4 Bh3 26. Rxc6 g6 27. d6 Bxf1 28. Rc8 Bh3+ 29. Rxe1 Rxc8 0-1

[Event "Chigorin Memorial 16th"]
[Site "St Petersburg"]
[Date "2008.10.06"]
[Round "4"]
[White "Kozlov, Mikhail"]
[Black "Massironi, Marco"]
[Result "0-1"]
[WhiteElo "2025"]
[BlackElo "2169"]
[PlyCount "70"]
[EventDate "2008.10.03"]
[EventType "swiss"]
[EventRounds "9"]
[EventCountry "RUS"]
[SourceTitle "CBM 126 Extra"]
[Source "ChessBase"]
[SourceDate "2008.11.05"]
[SourceVersion "1"]
[SourceVersionDate "2008.11.05"]
[SourceQuality "1"]

1. Nf3 d5 2. c4 c6 3. b3 Nf6 4. Bb2 Bf5 5. g3 Nbd7 6. Bg2 e6 7. d3 Bd6 8. Nh4 Bg6 9. Nd2 0-0 10. Nxg6 hxg6 11. 0-0 Qe7 12. a3 a5 13. e4 dxe4 14. dxe4 e5 15. Qe2 Rfd8 16. h3 Bc7 17. Rfd1 Nc5 18. Ra2 Nd3 19. Ba1 Bb6 20. Rf1 Nh5 21. Kh2 Rd7 22. Nf3 Rad8 23. Bc3 Nf6 24. Raa1 Qc5 25. a4 Nxf2 26. Nxe5 Re7 27. Ra2 Rxe5 28. Bxe5 Qxe5 29. Rxf2 Bxf2 30. Qxf2 Rd3 31. Rb2 Nh5 32. Rd2 Rxd2 33. Qxd2 Qxg3+ 34. Kg1 Nf4 35. Qf2 Nxh3+ 0-1

[Event "St Petersburg Mai op"]
[Site "St Petersburg"]
[Date "2008.05.04"]
[Round "4"]
[White "Kozlov, Mikhail"]
[Black "Babakhin, Anton"]
[Result "0-1"]
[WhiteElo "2095"]
[BlackElo "1991"]
[PlyCount "68"]
[EventDate "2008.05.01"]
[EventType "swiss"]
[EventRounds "9"]
[EventCountry "RUS"]
[SourceTitle "CBM 124 Extra"]
[Source "ChessBase"]
[SourceDate "2008.07.03"]
[SourceVersion "1"]
[SourceVersionDate "2008.07.03"]
[SourceQuality "1"]

1. e4 e5 2. Nc3 Nc6 3. f4 exf4 4. Nf3 d6 5. d4 g5 6. h4 g4 7. Ng5 h6 8. Nxf7 Kxf7 9. Bxf4 Qf6 10. Bc4+ Ke8 11. Ne2 Nge7 12. 0-0 Qg7 13. Bg3 Nd8 14. c3 Be6 15. d5 Bd7 16. Nf4 h5 17. Ne6 Bxe6 18. dxe6 Nec6 19. e5 Nxe5 20. Bxe5 Qxe5 21. Qd3 Qg7 22. Rae1 Be7 23. Qe4 Qh7 24. Qd4 Bxh4 25. Rf7 Nxf7 26. exf7+ Kd8 27. Re2 Rf8 28. Re4 Qh8 29. Qd5 Qf6 30. Qxh5 Bf2+ 31. Kh2 g3+ 32. Kh3 Rh8 33. Re8+ Kd7 34. Kg4 Rxh5 0-1

[Event "St Petersburg Mai op"]
[Site "St Petersburg"]
[Date "2008.05.03"]
[Round "3"]
[White "Andreev, Konstantin"]
[Black "Kozlov, Mikhail"]
[Result "1-0"]
[WhiteElo "2304"]
[BlackElo "2095"]
[PlyCount "67"]
[EventDate "2008.05.01"]
[EventType "swiss"]
[EventRounds "9"]
[EventCountry "RUS"]
[SourceTitle "CBM 124 Extra"]
[Source "ChessBase"]
[SourceDate "2008.07.03"]
[SourceVersion "1"]
[SourceVersionDate "2008.07.03"]
[SourceQuality "1"]

1. d4 f5 2. c4 e6 3. Nc3 Bb4 4. g3 Nf6 5. Bg2 0-0 6. Qb3 Qe7 7. a3 Bxc3+ 8. Qxc3 a5 9. b3 Ne4 10. Qc2 d5 11. f3 Nf6 12. Nh3 Nc6 13. Bb2 e5 14. dxe5 Nxe5 15. Nf4 dxc4 16. bxc4 Qc5 17. Bxe5 Qxe5 18. 0-0 g5 19. Nd3 Qe3+ 20. Kh1 f4 21. gxf4 gxf4 22. Rg1 Kh8 23. Qc1 Qxc1 24. Raxc1 Nh5 25. Bf1 Rg8 26. Rb1 Ra6 27. Rb5 Rh6 28. Rxg8+ Kxg8 29. Rxa5 Ng3+ 30. Kg1 Nxf1 31. Ra8 Kf7 32. Rxc8 Ne3 33. Rxc7+ Ke8 34. Nxf4 1-0

[Event "St Petersburg Zak Memorial"]
[Site "St Petersburg"]
[Date "2007.04.01"]
[Round "9"]
[White "Kozlov, Mikhail"]
[Black "Gantsevich, Aleksei"]
[Result "0-1"]
[WhiteElo "2126"]
[BlackElo "1990"]
[PlyCount "60"]
[EventDate "2007.03.24"]
[EventType "team"]
[EventRounds "9"]
[EventCountry "RUS"]
[SourceTitle "CBM 117 Extra"]
[Source "ChessBase"]
[SourceDate "2007.05.09"]
[SourceVersion "1"]
[SourceVersionDate "2007.05.09"]
[SourceQuality "1"]

1. Nf3 Nf6 2. d4 g6 3. c4 Bg7 4. Nc3 d6 5. e4 0-0 6. Be2 e5 7. dxe5 dxe5 8. Qxd8 Rxd8 9. Nd5 Nxd5 10. cxd5 c6 11. Bc4 b5 12. Bb3 Bb7 13. Bg5 Rd7 14. Rc1 a5 15. a4 h6 16. axb5 cxd5 17. Bh4 dxe4 18. Nd2 a4 19. Ba2 a3 20. b4 Bf8 21. Ke2 Bxb4 22. Nc4 Rd4 23. Rhd1 Nd7 24. Bg3 Bd5 25. Nxe5 Rxd1 26. Rxd1 Bxa2 27. Rxd7 Be6 28. Rd1 a2 29. Ra1 Bc3 30. Nc6 Bc4+ 0-1

[Event "St Petersburg Zak Memorial"]
[Site "St Petersburg"]
[Date "2007.03.29"]
[Round "6"]
[White "Tokareva, Tatiana"]
[Black "Kozlov, Mikhail"]
[Result "1-0"]
[WhiteElo "2000"]
[BlackElo "2126"]
[PlyCount "107"]
[EventDate "2007.03.24"]
[EventType "team"]
[EventRounds "9"]
[EventCountry "RUS"]
[SourceTitle "CBM 117 Extra"]
[Source "ChessBase"]
[SourceDate "2007.05.09"]
[SourceVersion "1"]
[SourceVersionDate "2007.05.09"]
[SourceQuality "1"]

1. d4 d5 2. c4 dxc4 3. e3 e5 4. Bxc4 exd4 5. exd4 Nf6 6. Nf3 Bb4+ 7. Nc3 0-0 8. 0-0 Nbd7 9. Bg5 c6 10. h3 Be7 11. Re1 Nb6 12. Bb3 Nbd5 13. Qd3 Be6 14. a3 Nxc3 15. Qxc3 Bxb3 16. Qxb3 Qc7 17. Rac1 Rad8 18. Bh4 Nd5 19. Bg3 Qb6 20. Qc2 Bf6 21. Be5 Bxe5 22. dxe5 Nf4 23. Rcd1 Rxd1 24. Rxd1 Rd8 25. Rd2 Ne6 26. Qc3 Kf8 27. Nh4 Rxd2 28. Qxd2 Qd4 29. Nf3 Qd5 30. Qb4+ c5 31. Qd2 Qxd2 32. Nxd2 Nd4 33. Kf1 Ke7 34. Ne4 b6 35. f4 h6 36. Kf2 Ke6 37. g4 Kd5 38. Nd6 Ke6 39. Ke3 f6 40. exf6 gxf6 41. Ne4 f5 42. Nc3 b5 43. g5 hxg5 44. fxg5 a5 45. h4 b4 46. axb4 axb4 47. Na4 Nb3 48. h5 c4 49. Kf4 Nd4 50. h6 Kf7 51. h7 Kg7 52. g6 c3 53. bxc3 Ne2+ 54. Ke3 1-0

[Event "St Petersburg Zak Memorial"]
[Site "St Petersburg"]
[Date "2007.03.26"]
[Round "3"]
[White "Kozlov, Mikhail"]
[Black "Kryschilovskij, Andrej"]
[Result "0-1"]
[WhiteElo "2126"]
[BlackElo "2339"]
[PlyCount "92"]
[EventDate "2007.03.24"]
[EventType "team"]
[EventRounds "9"]
[EventCountry "RUS"]
[SourceTitle "CBM 117 Extra"]
[Source "ChessBase"]
[SourceDate "2007.05.09"]
[SourceVersion "1"]
[SourceVersionDate "2007.05.09"]
[SourceQuality "1"]

1. Nf3 Nf6 2. g3 g6 3. Bg2 Bg7 4. 0-0 0-0 5. d4 d6 6. c3 Nbd7 7. Nbd2 e5 8. dxe5 dxe5 9. Nc4 Qe7 10. Qb3 a6 11. Rd1 e4 12. Ne1 b5 13. Na5 Ne5 14. h3 Be6 15. Qc2 Bf5 16. g4 Nexg4 17. Nc6 Qc5 18. hxg4 Nxg4 19. Nd4 e3 20. Nd3 exf2+ 21. Kh1 Qd6 22. Bf4 Qf6 23. Nxf5 Qxf5 24. Bf3 Rae8 25. Qd2 Ne3 26. Kh2 Nc4 27. Qc1 Re6 28. Nxf2 Ne5 29. Bg2 Rfe8 30. Bh3 Qh5 31. Rd2 f5 32. Qg1 Nc4 33. Rc2 Ne3 34. Rd2 Bh6 35. Bxh6 Qxh6 36. Rd3 c5 37. Qg3 g5 38. Rh1 g4 39. Kg1 f4 40. Nxg4 fxg3 41. Nxh6+ Rxh6 42. Bd7 Rxh1+ 43. Kxh1 Re7 44. Bc8 a5 45. Rd6 Re5 46. Ba6 Rf5 0-1